| 000 | 00328nam a2200097Ia 4500 | ||
|---|---|---|---|
| 008 | 180130s9999 xx 000 0 und d | ||
| 245 |
_cPapp, Peggy _aFamily therapy: the daughter who said no |
||
| 260 | _c2014 | ||
| 300 | _aBook title: Case studies in psychotherapy--Acession number C19075; pages 149-172 | ||
| 650 | _aPSYCHOTHERAPY | ||
| 999 |
_c353935 _d353935 |
||